00559nam a2200157Ia 4500008004100000082001900041100002000060245004100080260003700121300000900158630001800167650007300185942000900258952011700267999001700384211109s9999||||xx |||||||||||||| ||und|| a530.151bMAR-M aMargenau, Henry 0aMathematics of Physics and Chemistry bD.Van Nostrand ComaLondonc1943 a604p xGeneral Stack aMATHEMATICAL PHYSICSvCHEMISTRYPHYSICAL AND THEORETICALxMathematics cBOOK 00104070aSBCLbSBCLc2d2021-11-09g100.00l0o530.151 MAR-Mp00025356r2021-11-09 00:00:00w2021-11-09yBOOK c24584d24584